Federalne monarchie - Statystyki

Ogólne statystyki
  • Ten quiz został rozwiązany 67 razy
  • Średni wynik to 4 z 6
Statystyki odpowiedzi
Kontynent Państwo % Poprawnych
Ameryka Północna Kanada
87%
Oceania Australia
77%
Europa Belgia
65%
Azja Zjednoczone Emiraty Arabskie
62%
Azja Malezja
48%
Ameryka Północna Saint Kitts i Nevis
32%
Nie znaleziono quizów pasujących do podanych kryteriów
Rozkład punktacji
Procent ludzi z każdym wynikiem
Percentyl według liczby udzielonych odpowiedzi
Twoja historia wyników
Nie rozwiązałeś tego quizu